Selection of advanced polycross progenies in Hevea improvement (Record no. 68558)
[ view plain ]
| 000 -LEADER | |
|---|---|
| fixed length control field | 01658nam a2200193Ia 4500 |
| 100 ## - MAIN ENTRY--AUTHOR NAME | |
| Personal name | Tan H |
| 245 #0 - TITLE STATEMENT | |
| Title | Selection of advanced polycross progenies in Hevea improvement |
| 260 ## - PUBLICATION, DISTRIBUTION, ETC. (IMPRINT) | |
| Name of publisher | Journal of Natural Rubber Research |
| Year of publication | 1996 |
| 300 ## - PHYSICAL DESCRIPTION | |
| Number of Pages | 215-225 |
| 520 ## - SUMMARY, ETC. | |
| Summary, etc | This paper reviews the progress made in the ortet(mother-tree) selection programme in Hevea improvement carried out at RRI Malaysia. Since the 1970s, a concerted search for promising ortets from a population of 1.3 x 10 6 seedlings derived from advanced polycross seed gardens viz. PBIG and PBFP trials, in the commercial plantations of Peninsular Malaysia has been made. Out of this sample, a total of 2613 genotypes (seedlings) has been selected for further test. Of the 1289 genotypes tested in the three field nurseries with two control cones PR 255 and RRIM 600, 34.1;showed a mean yield which were equal or higher than the former while 59.7;showed equal or higher yields than the latter. In the first series of the selection, which was tested in large scale clone trials, a number of ortet materials showeed yield levels higher than the control RRIM 600. Some of them had equal or higher mean yields than clones of the RRIM 800 series and promotion plot clones in adjacent fields. These results imply that selection of advanced polycross progenies (ortet selection) can be useful complement to the normal hand (controlled) pollination programme in Hevea improvement. |
| 650 ## - SUBJECT ADDED ENTRY--TOPICAL TERM | |
| Topical Term | Hevea |
| 650 ## - SUBJECT ADDED ENTRY--TOPICAL TERM | |
| Topical Term | Ortet selection |
| 650 ## - SUBJECT ADDED ENTRY--TOPICAL TERM | |
| Topical Term | Pollination |
| 650 ## - SUBJECT ADDED ENTRY--TOPICAL TERM | |
| Topical Term | Seed garden |
| 700 ## - ADDED ENTRY--PERSONAL NAME | |
| Personal name | Khoo S K |
| 700 ## - ADDED ENTRY--PERSONAL NAME | |
| Personal name | Ong S H |
| 942 ## - ADDED ENTRY ELEMENTS (KOHA) | |
| Koha item type | Journals |
| Withdrawn status | Lost status | Damaged status | Not for loan | Home library | Current library | Shelving location | Date acquired | Serial Enumeration / chronology | Koha item type |
|---|---|---|---|---|---|---|---|---|---|
| Journals | RRII Library | RRII Library | Botany | 17/12/2021 | Volume 11, Issue 3 | Journals |